000 00811nam a22001937a 4500
999 _c6932
_d6932
003 AR-CdUCM
008 190319b ||||| |||| 00| 0 spa d
040 _aMUNICIPALIDAD PROVINCIAL DEL CUSCO
_cBIBLIOTECA MUNICIPAL DEL CUSCO
082 _a631.7/
_bES77
100 _a Espinosa Vicente, Enrique
_919534
245 _aLos distritos del riego :
_bsu administración, operación y conservación /
260 _a México :
_bContinental,
_c1962.
505 _aEl medio físico y las obras de riego -- Conservación de las obras de riego -- Distribución del agua y funcionamiento operación de las obras de riego -- Aspecto agrícola -- Disposiciones legales y organización.
650 _aIrrigación
_95883
650 _aRiegos
_919535
650 _aAsperción
_919536
942 _2ddc
_cLIBROS
945 _awnts